000 01082ngm a22003250a 4500
001 PT16692
003 AR-LpoUNG
005 20210202000226.0
007 vd cvaizq
008 191001s1972||||it |||||||||||||||||eng d
037 _c$9.96
040 _aAR-LpoUNG
_bspa
_cAR-LpoUNG
_eaacr
041 _aeng
_aita
044 _ait
082 0 _a943.07 825v1
100 1 _aVisconi, Luchino
_edir.
245 1 0 _aLudwing
260 _aRoma :
_bMega Film Roma,
_cc1972.
300 _aVHS (231 min.) : son., col.
505 0 _aDiálogos en italiano, subtítulos en inglés
520 _aCoronado rey de Baveria, con solo 18 años, Ludwig era un rey excéntrico. En 1860 se opone inutilmente a la intervención de Baveria en la guerra Astro-Prusiana. Solo, Ludwig se refugia en su mundo artificial. Destituído del trono lo encuentran muerto en las cercanías del lago de Starnberg en 1886.
650 4 _aACTIVIDAD MILITAR
650 4 _aALEMANIA
650 4 _aGOBIERNO
650 4 _aGUERRA
650 4 _aHISTORIA
653 _aVIDEOS
905 _a16692
942 _cVIDEO
999 _c54385
_d54385